[Event "Wch U18"]
[Site "Kemer"]
[Date "2007.11.25"]
[Round "8"]
[White "Hansen, Alexei Cherstiouk"]
[Black "Caspi, Israel"]
[Result "0-1"]
[WhiteElo "2189"]
[BlackElo "2377"]
[PlyCount "108"]
[EventDate "2007.11.18"]
[EventType "swiss"]
[EventRounds "11"]
[EventCountry "TUR"]
[SourceTitle "CBM 121 Extra"]
[Source "ChessBase"]
[SourceDate "2008.01.10"]
[SourceVersion "1"]
[SourceVersionDate "2008.01.10"]
[SourceQuality "1"]

1. c4 Nf6 2. Nc3 g6 3. g3 Bg7 4. Bg2 0-0 5. d3 d6 6. e3 e5 7. Nge2 Nc6 8. 0-0 Be6 9. Rb1 d5 10. Qa4 Qd7 11. b4 Bh3 12. b5 Ne7 13. e4 Bxg2 14. Kxg2 d4 15. Nd1 Nh5 16. f3 f5 17. Nf2 Rf7 18. Bd2 c5 19. bxc6 Nxc6 20. Qb5 a6 21. Qb6 Re8 22. Nc1 Bf6 23. a4 Ng7 24. Qb2 Ne6 25. Nb3 Bd8 26. Qc2 h5 27. c5 Kg7 28. Qc4 Qe7 29. exf5 gxf5 30. Rbe1 Bc7 31. Nh3 Qf6 32. f4 Qg6 33. fxe5 Nxe5 34. Rxe5 Bxe5 35. Qd5 Nc7 36. Qxb7 h4 37. Bf4 hxg3 38. hxg3 Bxf4 39. Nxf4 Ne6 40. Qd5 Nxf4+ 41. Rxf4 Re2+ 42. Kf1 Rh2 43. Qxd4+ Kg8 44. Qd8+ Rf8 45. Qd5+ Kh7 46. Qd7+ Rf7 47. Qd5 Qh5 48. Qf3 Rh1+ 49. Ke2 Qh2+ 50. Qf2 Qh6 51. Kf3 Re7 52. Rh4 Rxh4 53. gxh4 Qh5+ 54. Kg3 Qg4+ 0-1

[Event "Wch U18"]
[Site "Kemer"]
[Date "2007.11.18"]
[Round "1"]
[White "Popov, Ivan1111"]
[Black "Hansen, Alexei Cherstiouk"]
[Result "1-0"]
[WhiteElo "2539"]
[BlackElo "2189"]
[PlyCount "55"]
[EventDate "2007.11.18"]
[EventType "swiss"]
[EventRounds "11"]
[EventCountry "TUR"]
[SourceTitle "CBM 121 Extra"]
[Source "ChessBase"]
[SourceDate "2008.01.10"]
[SourceVersion "1"]
[SourceVersionDate "2008.01.10"]
[SourceQuality "1"]

1. e4 c5 2. Nf3 Nc6 3. Nc3 d6 4. d4 cxd4 5. Nxd4 Nf6 6. Bc4 e6 7. Be3 a6 8. Qe2 Bd7 9. 0-0-0 Rc8 10. Bb3 Na5 11. f3 b5 12. a3 Be7 13. g4 0-0 14. g5 Nh5 15. Rhg1 g6 16. f4 Ng7 17. Kb1 e5 18. fxe5 dxe5 19. Nf3 Rxc3 20. Nxe5 Qc7 21. Nxd7 Nxb3 22. cxb3 Rc8 23. bxc3 Qxc3 24. Rd3 Qc7 25. b4 Qd8 26. Qd1 Bxb4 27. axb4 a5 28. Bc1 1-0

[Event "EU-ch U18 17th"]
[Site "Sibenik"]
[Date "2007.09.16"]
[Round "3"]
[White "Ertan, Can"]
[Black "Hansen, Alexei Cherstiouk"]
[Result "0-1"]
[WhiteElo "1965"]
[BlackElo "2177"]
[PlyCount "69"]
[EventDate "2007.09.14"]
[EventType "swiss"]
[EventRounds "9"]
[EventCountry "CRO"]
[SourceTitle "CBM 120 Extra"]
[Source "ChessBase"]
[SourceDate "2007.11.01"]
[SourceVersion "1"]
[SourceVersionDate "2007.11.01"]
[SourceQuality "1"]

1. e4 c5 2. Nf3 Nc6 3. Nc3 d6 4. g3 g6 5. Bg2 Bg7 6. 0-0 e6 7. d3 Nge7 8. Be3 0-0 9. Qd2 Re8 10. h3 Rb8 11. Nh2 f5 12. f4 b5 13. a3 a5 14. Nf3 b4 15. axb4 axb4 16. Nd1 Nd4 17. Qf2 Qb6 18. c3 Nb3 19. Rb1 Ba6 20. Ne1 fxe4 21. Bxe4 d5 22. Bf3 d4 23. cxd4 Nxd4 24. Be4 Nd5 25. Nf3 Nf6 26. Bxd4 Nxe4 27. dxe4 Bxf1 28. Bxg7 Bd3 29. Rc1 Kxg7 30. Rxc5 Bxe4 31. Qd4+ Kg8 32. Ne5 Rbd8 33. Nd7 Rxd7 34. Qxd7 Qxc5+ 35. Nf2 0-1

[Event "Copenhagen-ch Obro 70th"]
[Site "Copenhagen"]
[Date "2006.10.22"]
[Round "9"]
[White "Varga, Zoltan"]
[Black "Hansen, Alexei Cherstiouk"]
[Result "1-0"]
[WhiteElo "2508"]
[BlackElo "2136"]
[PlyCount "49"]
[EventDate "2006.10.14"]
[EventType "swiss"]
[EventRounds "9"]
[EventCountry "DEN"]
[SourceTitle "EXT 2007"]
[Source "ChessBase"]
[SourceDate "2006.11.23"]
[SourceVersion "1"]
[SourceVersionDate "2006.11.23"]
[SourceQuality "1"]

1. d4 d5 2. Nf3 Nf6 3. c4 e6 4. Nc3 Be7 5. Bf4 0-0 6. e3 c6 7. Rc1 Nbd7 8. h3 b6 9. a3 Bb7 10. cxd5 exd5 11. Bd3 c5 12. dxc5 Nxc5 13. 0-0 a5 14. Be2 Nfe4 15. Nb5 a4 16. Bc7 Qd7 17. Bxb6 Ba6 18. Nfd4 Rab8 19. Bxc5 Nxc5 20. Nc3 Bc4 21. Qc2 Nb3 22. Bxc4 dxc4 23. Rcd1 Bf6 24. Nf5 Qa7 25. Nd5 1-0

[Event "Copenhagen-ch Obro 70th"]
[Site "Copenhagen"]
[Date "2006.10.16"]
[Round "3"]
[White "Hansen, Alexei Cherstiouk"]
[Black "Vajda, Szidonia"]
[Result "1/2-1/2"]
[WhiteElo "2136"]
[BlackElo "2401"]
[PlyCount "125"]
[EventDate "2006.10.14"]
[EventType "swiss"]
[EventRounds "9"]
[EventCountry "DEN"]
[SourceTitle "EXT 2007"]
[Source "ChessBase"]
[SourceDate "2006.11.23"]
[SourceVersion "1"]
[SourceVersionDate "2006.11.23"]
[SourceQuality "1"]

1. e4 e5 2. Nf3 Nc6 3. Bb5 a6 4. Bxc6 dxc6 5. 0-0 f6 6. d4 exd4 7. Nxd4 c5 8. Ne2 Qxd1 9. Rxd1 Bd7 10. Nbc3 0-0-0 11. Be3 Re8 12. Rd2 Bc6 13. Rad1 Bd6 14. Bf4 Bxf4 15. Nxf4 Nh6 16. Nh5 Rhg8 17. f4 b5 18. Re2 b4 19. Nd5 Nf5 20. c3 Nd4 21. cxd4 Bxd5 22. dxc5 Bxe4 23. Rde1 Bc6 24. Kf2 Rxe2+ 25. Rxe2 Rd8 26. g4 Bb5 27. Rc2 Rd1 28. Ke3 Rd3+ 29. Kf2 Bc6 30. Nxg7 Rf3+ 31. Kg1 Rxf4 32. h3 Rf3 33. Kh2 a5 34. Rd2 a4 35. Ne6 Re3 36. Nd4 Kb7 37. Nc2 Re4 38. Kg3 Rc4 39. a3 b3 40. Nb4 Rxc5 41. Rf2 Be4 42. Rxf6 Rc4 43. Rf7 Kb6 44. Re7 c6 45. h4 Rd4 46. h5 c5 47. Re6+ Kb5 48. Re5 Kb6 49. Re6+ Kb5 50. Re5 h6 51. g5 hxg5 52. h6 Bh7 53. Nd5 Rh4 54. Nc3+ Kc4 55. Nxa4 Rxh6 56. Rxc5+ Kd4 57. Rxg5 Rg6 58. Rxg6 Bxg6 59. Kf4 Be8 60. Nc3 Kd3 61. a4 Kc2 62. Ne2 Bxa4 63. Nd4+ 1/2-1/2

[Event "Copenhagen-ch Obro 70th"]
[Site "Copenhagen"]
[Date "2006.10.15"]
[Round "2"]
[White "Hansen, Alexei Cherstiouk"]
[Black "Jensen, Bjarke"]
[Result "1-0"]
[WhiteElo "2136"]
[BlackElo "2241"]
[PlyCount "67"]
[EventDate "2006.10.14"]
[EventType "swiss"]
[EventRounds "9"]
[EventCountry "DEN"]
[SourceTitle "EXT 2007"]
[Source "ChessBase"]
[SourceDate "2006.11.23"]
[SourceVersion "1"]
[SourceVersionDate "2006.11.23"]
[SourceQuality "1"]

1. e4 c5 2. Nc3 Nc6 3. Nf3 g6 4. d4 cxd4 5. Nxd4 Bg7 6. Be3 Nf6 7. Bc4 d6 8. f3 0-0 9. Qd2 Bd7 10. 0-0-0 Ne5 11. Bb3 Qa5 12. Kb1 Rfc8 13. h4 b5 14. h5 Nc4 15. Bxc4 bxc4 16. hxg6 fxg6 17. Ka1 Rab8 18. a3 Rc5 19. Na2 Qc7 20. c3 d5 21. e5 Ne8 22. Rde1 Ra5 23. Bh6 Bh8 24. e6 Ba4 25. Bf4 Qb7 26. Bxb8 Qxb8 27. Nb4 Bxd4 28. cxd4 Qd8 29. Rh6 Nf6 30. Reh1 Qf8 31. Nd3 Rb5 32. Nc5 Bb3 33. Nd7 Qg7 34. Nxf6+ 1-0

[Event "Copenhagen-ch Obro 70th"]
[Site "Copenhagen"]
[Date "2006.10.14"]
[Round "1"]
[White "Aagaard, Kasper"]
[Black "Hansen, Alexei Cherstiouk"]
[Result "0-1"]
[WhiteElo "1947"]
[BlackElo "2136"]
[PlyCount "90"]
[EventDate "2006.10.14"]
[EventType "swiss"]
[EventRounds "9"]
[EventCountry "DEN"]
[SourceTitle "EXT 2007"]
[Source "ChessBase"]
[SourceDate "2006.11.23"]
[SourceVersion "1"]
[SourceVersionDate "2006.11.23"]
[SourceQuality "1"]

1. e4 c5 2. Nc3 e6 3. g3 Nc6 4. Bg2 g6 5. d3 Bg7 6. Be3 d6 7. Qd2 Nd4 8. Nd1 b5 9. c3 Nc6 10. Ne2 Qb6 11. 0-0 a5 12. f4 Nge7 13. d4 cxd4 14. cxd4 d5 15. Ndc3 b4 16. Na4 Qb5 17. Nc5 dxe4 18. Bxe4 0-0 19. a4 Qb8 20. Rac1 Rd8 21. Rfd1 Ra7 22. Qd3 Rc7 23. Qb5 Qa8 24. Nb3 Ba6 25. Qb6 Rdc8 26. Rd2 Rb7 27. Bxc6 Nxc6 28. Qc5 Bf8 29. Qc2 Rbc7 30. Qd1 Ne7 31. Rxc7 Rxc7 32. Nc5 Bc4 33. Nc1 Nf5 34. Bf2 Bd5 35. g4 Bf3 36. Qe1 Bxg4 37. N1d3 Bh3 38. Be3 Qf3 39. Re2 Bg4 40. Nc1 Nxd4 41. Bxd4 Rxc5 42. Rf2 Qd1 43. Qxd1 Bxd1 44. Nd3 Rd5 45. Rd2 Bxa4 0-1

[Event "EU-ch U16"]
[Site "Herceg Novi"]
[Date "2006.09.16"]
[Round "6"]
[White "Yaremko, Nazar"]
[Black "Hansen, Alexei Cherstiouk"]
[Result "1/2-1/2"]
[WhiteElo "2297"]
[BlackElo "2136"]
[PlyCount "77"]
[EventDate "2006.09.10"]
[EventType "swiss"]
[EventRounds "9"]
[EventCountry "MNE"]
[SourceTitle "CBM 114 Extra"]
[Source "ChessBase"]
[SourceDate "2006.11.03"]
[SourceVersion "1"]
[SourceVersionDate "2006.11.03"]
[SourceQuality "1"]

1. e4 c5 2. Nf3 Nc6 3. d4 cxd4 4. Nxd4 Nf6 5. Nc3 d6 6. f3 e6 7. Be3 a6 8. Qd2 Qc7 9. 0-0-0 b5 10. Nxc6 Qxc6 11. e5 b4 12. Ne4 Nd5 13. exd6 f5 14. Be2 Bxd6 15. Nxd6+ Qxd6 16. g4 f4 17. Bd4 0-0 18. Bd3 Bb7 19. Qf2 e5 20. Bc5 Qc7 21. Bxf8 Rxf8 22. Bf5 Ne3 23. Rd2 Qf7 24. Kb1 Bd5 25. b3 g6 26. Bd3 Qb7 27. Re1 Bxf3 28. Rxe3 fxe3 29. Qxe3 Qe7 30. h3 Bb7 31. h4 Rf4 32. Bc4+ Kg7 33. Rd7 Qxd7 34. Qxe5+ Rf6 35. g5 Qd1+ 36. Kb2 Qf3 37. Qe7+ Rf7 38. Qe5+ Kf8 39. Qb8+ 1/2-1/2

[Event "EU-ch U16"]
[Site "Herceg Novi"]
[Date "2006.09.13"]
[Round "4"]
[White "Pileckis, Emilis"]
[Black "Hansen, Alexei Cherstiouk"]
[Result "1-0"]
[WhiteElo "2253"]
[BlackElo "2136"]
[PlyCount "53"]
[EventDate "2006.09.10"]
[EventType "swiss"]
[EventRounds "9"]
[EventCountry "MNE"]
[SourceTitle "CBM 114 Extra"]
[Source "ChessBase"]
[SourceDate "2006.11.03"]
[SourceVersion "1"]
[SourceVersionDate "2006.11.03"]
[SourceQuality "1"]

1. d4 d5 2. c4 e6 3. Nc3 Be7 4. Nf3 Nf6 5. Bg5 h6 6. Bh4 0-0 7. e3 b6 8. cxd5 exd5 9. Bd3 Bb7 10. 0-0 Nbd7 11. Qe2 Ne4 12. Bg3 Nxc3 13. bxc3 c5 14. Rad1 cxd4 15. cxd4 Ba3 16. Ne5 Nxe5 17. dxe5 Qe7 18. Qg4 Rac8 19. f4 Rc3 20. Bh4 Bc8 21. Qg3 Qc5 22. Bf6 g6 23. Qh4 Qxe3+ 24. Kh1 Kh7 25. Bg5 Rh8 26. Bxg6+ Kxg6 27. f5+ 1-0

[Event "EU-ch U16"]
[Site "Herceg Novi"]
[Date "2006.09.12"]
[Round "3"]
[White "Hansen, Alexei Cherstiouk"]
[Black "Yuzhakov, Oleg"]
[Result "1-0"]
[WhiteElo "2136"]
[BlackElo "2287"]
[PlyCount "55"]
[EventDate "2006.09.10"]
[EventType "swiss"]
[EventRounds "9"]
[EventCountry "MNE"]
[SourceTitle "CBM 114 Extra"]
[Source "ChessBase"]
[SourceDate "2006.11.03"]
[SourceVersion "1"]
[SourceVersionDate "2006.11.03"]
[SourceQuality "1"]

1. c4 e6 2. Nf3 d5 3. g3 c6 4. b3 Nd7 5. Bb2 Ngf6 6. Bg2 Bd6 7. d4 0-0 8. 0-0 Qc7 9. Nbd2 e5 10. c5 Be7 11. Nxe5 Nxe5 12. dxe5 Ng4 13. e4 Bxc5 14. exd5 cxd5 15. Nf3 Qb6 16. Qd2 f6 17. h3 Nxe5 18. Nxe5 fxe5 19. Qxd5+ Be6 20. Qxe5 Bxf2+ 21. Kh2 Rf7 22. Rxf2 Qxf2 23. Rf1 Qxf1 24. Bxf1 Re8 25. Bc4 Rf6 26. Bd4 Kf7 27. Qh5+ Rg6 28. Bd3 1-0

[Event "EU-ch U16"]
[Site "Herceg Novi"]
[Date "2006.09.11"]
[Round "2"]
[White "Anastasijevic, Marko"]
[Black "Hansen, Alexei Cherstiouk"]
[Result "0-1"]
[WhiteElo "1733"]
[BlackElo "2136"]
[PlyCount "56"]
[EventDate "2006.09.10"]
[EventType "swiss"]
[EventRounds "9"]
[EventCountry "MNE"]
[SourceTitle "CBM 114 Extra"]
[Source "ChessBase"]
[SourceDate "2006.11.03"]
[SourceVersion "1"]
[SourceVersionDate "2006.11.03"]
[SourceQuality "1"]

1. e4 c5 2. Nf3 e6 3. d4 cxd4 4. Nxd4 a6 5. Bd3 Nf6 6. 0-0 d6 7. Nc3 b5 8. a3 Be7 9. Kh1 Bb7 10. f4 Nbd7 11. Nb3 Qc7 12. Be3 Rc8 13. Bd4 h5 14. Qe2 h4 15. Rf3 e5 16. Be3 h3 17. Rxh3 Rxh3 18. gxh3 Nc5 19. Nxc5 dxc5 20. Qg2 exf4 21. Bf2 Kf8 22. Rg1 g6 23. Nd5 Qe5 24. Nxe7 Kxe7 25. Bh4 c4 26. Qf2 cxd3 27. cxd3 Kf8 28. Qb6 Bxe4+ 0-1

[Event "Skovlunde U20 op"]
[Site "Skovlunde"]
[Date "2006.05.14"]
[Round "8"]
[White "Hansen, Alexei Cherstiouk"]
[Black "Miezis, Normunds"]
[Result "0-1"]
[WhiteElo "2104"]
[BlackElo "2496"]
[PlyCount "112"]
[EventDate "2006.05.10"]
[EventType "swiss"]
[EventRounds "9"]
[EventCountry "DEN"]
[SourceTitle "CBM 112 Extra"]
[Source "ChessBase"]
[SourceDate "2006.07.14"]
[SourceVersion "1"]
[SourceVersionDate "2006.07.14"]
[SourceQuality "1"]

1. e4 c5 2. Nf3 e6 3. d4 cxd4 4. Nxd4 a6 5. Bd3 Nc6 6. Nxc6 bxc6 7. 0-0 d5 8. Nc3 Nf6 9. Re1 d4 10. Nb1 e5 11. Bg5 h6 12. Bxf6 Qxf6 13. Nd2 Bd6 14. Nc4 Bc7 15. c3 dxc3 16. bxc3 0-0 17. Rb1 Qg5 18. Ne3 g6 19. Qf3 Kg7 20. Qg3 Rd8 21. Red1 Qf4 22. Nf5+ Kf6 23. Qxf4 exf4 24. Nd4 Bd7 25. Kf1 Ra7 26. Ke2 Re8 27. Rd2 Re7 28. f3 Kg7 29. Rdb2 c5 30. Rb7 Rxb7 31. Rxb7 Bd6 32. Rb6 Bc7 33. Rb7 Bd8 34. Nc2 c4 35. Bxc4 Bb5 36. Rxb5 axb5 37. Bxb5 f5 38. Bc6 Ba5 39. Kd3 Re5 40. Kd4 Bxc3+ 41. Kxc3 Rc5+ 42. Kd3 Rxc6 43. e5 Rc5 44. a4 Ra5 45. Kd4 Kf7 46. Kc4 Rxa4+ 47. Kd5 Ke7 48. Nd4 Ra5+ 49. Kc4 Kd7 50. Nb5 g5 51. Kb4 Ra2 52. Nd4 Rxg2 53. Kc5 Rxh2 54. Kd5 Rd2 55. e6+ Ke7 56. Ke5 Rxd4 0-1

[Event "Skovlunde U20 op"]
[Site "Skovlunde"]
[Date "2006.05.14"]
[Round "9"]
[White "Scherwin, Claes"]
[Black "Hansen, Alexei Cherstiouk"]
[Result "0-1"]
[WhiteElo "1820"]
[BlackElo "2104"]
[PlyCount "48"]
[EventDate "2006.05.10"]
[EventType "swiss"]
[EventRounds "9"]
[EventCountry "DEN"]
[SourceTitle "CBM 112 Extra"]
[Source "ChessBase"]
[SourceDate "2006.07.14"]
[SourceVersion "1"]
[SourceVersionDate "2006.07.14"]
[SourceQuality "1"]

1. d4 d5 2. Nf3 Nf6 3. c4 e6 4. Nc3 Be7 5. Bf4 0-0 6. e3 Nbd7 7. Bd3 c5 8. cxd5 exd5 9. dxc5 Nxc5 10. Bc2 Qb6 11. Rb1 Rd8 12. 0-0 Bg4 13. h3 Bxf3 14. Qxf3 Qe6 15. Bc7 Re8 16. Bf5 Qc6 17. Be5 Nfe4 18. Bxe4 dxe4 19. Qg4 Bf8 20. Bd4 Nd3 21. Rfd1 g6 22. Qg5 Bg7 23. Bxg7 Kxg7 24. Nxe4 Qxe4 0-1

[Event "Skovlunde U20 op"]
[Site "Skovlunde"]
[Date "2006.05.13"]
[Round "7"]
[White "Hansen, Alexei Cherstiouk"]
[Black "Nielsen, Jan Mose"]
[Result "1-0"]
[WhiteElo "2104"]
[BlackElo "2101"]
[PlyCount "45"]
[EventDate "2006.05.10"]
[EventType "swiss"]
[EventRounds "9"]
[EventCountry "DEN"]
[SourceTitle "CBM 112 Extra"]
[Source "ChessBase"]
[SourceDate "2006.07.14"]
[SourceVersion "1"]
[SourceVersionDate "2006.07.14"]
[SourceQuality "1"]

1. e4 c5 2. Nf3 Nc6 3. d4 cxd4 4. Nxd4 e5 5. Nb5 d6 6. N1c3 a6 7. Na3 b5 8. Nd5 Nge7 9. c4 Nxd5 10. exd5 Nd4 11. cxb5 Bd7 12. Be3 Nxb5 13. Nc4 f5 14. a4 Na7 15. f4 h5 16. Be2 Qh4+ 17. g3 Qf6 18. Bxh5+ g6 19. Be2 Bg7 20. 0-0 Kf7 21. Qd2 Nc8 22. fxe5 dxe5 23. Bg5 1-0

[Event "Skovlunde U20 op"]
[Site "Skovlunde"]
[Date "2006.05.11"]
[Round "2"]
[White "Akdag, Dara Sevkan"]
[Black "Hansen, Alexei Cherstiouk"]
[Result "0-1"]
[WhiteElo "1940"]
[BlackElo "2104"]
[PlyCount "118"]
[EventDate "2006.05.10"]
[EventType "swiss"]
[EventRounds "9"]
[EventCountry "DEN"]
[SourceTitle "CBM 112 Extra"]
[Source "ChessBase"]
[SourceDate "2006.07.14"]
[SourceVersion "1"]
[SourceVersionDate "2006.07.14"]
[SourceQuality "1"]

1. d4 d5 2. c4 e6 3. Nf3 Nf6 4. Bg5 Be7 5. Nc3 0-0 6. e3 h6 7. Bh4 b6 8. cxd5 exd5 9. Qb3 Bb7 10. Bg3 c5 11. dxc5 Bxc5 12. Rd1 Qe7 13. Be2 Nbd7 14. 0-0 Rfd8 15. Nb5 Nf8 16. Nbd4 Ne4 17. Bh4 Ng5 18. Nxg5 hxg5 19. Bg3 Nh7 20. Bf3 Nf6 21. Nb5 Rd7 22. h3 Bc6 23. Nd4 Bb7 24. a3 a5 25. Qa4 Rad8 26. Nb3 Ba6 27. Rfe1 Bc4 28. Nxc5 Qxc5 29. b3 b5 30. Qxa5 Bxb3 31. Rc1 Bc4 32. Qc3 Ra7 33. Qb4 Qxb4 34. axb4 Nd7 35. Ra1 Ra4 36. Bg4 Nf6 37. Bf5 Rxb4 38. Ra7 Ra4 39. Ra1 Rxa1+ 40. Rxa1 b4 41. Bc7 Re8 42. Ra4 b3 43. Rb4 g6 44. Bg4 Nxg4 45. hxg4 f6 46. Bb6 Rb8 47. f3 Kf7 48. Kf2 Ke6 49. Ke1 f5 50. gxf5+ Kxf5 51. g4+ Ke6 52. e4 Rh8 53. Bd4 Rh1+ 54. Kd2 Rh2+ 55. Kc1 dxe4 56. Rxc4 Kd5 57. Rb4 exf3 58. Kd1 Rh1+ 59. Kd2 b2 0-1

[Event "Nordic School-ch U20"]
[Site "Espoo"]
[Date "2006.??.??"]
[Round "?"]
[White "Krzymowski, Alfred"]
[Black "Hansen, Alexei Cherstiouk"]
[Result "0-1"]
[WhiteElo "2040"]
[BlackElo "2064"]
[PlyCount "92"]
[EventDate "2006.02.16"]
[EventType "swiss"]
[EventRounds "6"]
[EventCountry "FIN"]
[SourceTitle "EXT 2007"]
[Source "ChessBase"]
[SourceDate "2006.11.23"]
[SourceVersion "1"]
[SourceVersionDate "2006.11.23"]
[SourceQuality "1"]

1. e4 c5 2. Nc3 e6 3. Nge2 Nc6 4. d4 cxd4 5. Nxd4 Qc7 6. Be2 a6 7. 0-0 Nf6 8. Be3 d6 9. a4 Be7 10. Nb3 b6 11. f4 0-0 12. Bf3 Bb7 13. Qe2 Nd7 14. Nd4 Nxd4 15. Bxd4 e5 16. Be3 exf4 17. Bxf4 Rfe8 18. Kh1 Bf8 19. Qf2 Ne5 20. Rad1 Rac8 21. Be2 g6 22. Be3 Qd7 23. Bxb6 Bg7 24. Bd4 Qe7 25. Qf4 Rf8 26. Qd2 h5 27. Be3 Nc4 28. Bxc4 Rxc4 29. Bg5 Qe6 30. Rf2 Bxc3 31. bxc3 Rxe4 32. Bf6 Rg4 33. Rdf1 Kh7 34. Bd4 f5 35. Rb1 Rf7 36. Rb6 h4 37. h3 Re4 38. Qg5 Rxd4 39. cxd4 Qe1+ 40. Kh2 Qxf2 41. Rxd6 Qg3+ 42. Qxg3 hxg3+ 43. Kxg3 f4+ 44. Kh4 Bxg2 45. Kg5 f3 46. Rxg6 Rg7 0-1

[Event "Copenhagen Chess Challenge"]
[Site "Taastrup"]
[Date "2005.??.??"]
[Round "6"]
[White "Frank Nielsen, Marie"]
[Black "Hansen, Alexei Cherstiouk"]
[Result "1/2-1/2"]
[WhiteElo "1882"]
[BlackElo "2000"]
[PlyCount "44"]
[EventDate "2005.04.20"]
[EventType "swiss"]
[EventRounds "9"]
[EventCountry "DEN"]
[SourceTitle "EXT 2018"]
[Source "ChessBase"]
[SourceDate "2017.10.13"]
[SourceVersion "1"]
[SourceVersionDate "2017.10.13"]
[SourceQuality "1"]

1. e4 c5 2. d4 cxd4 3. c3 dxc3 4. Nxc3 a6 5. Bc4 e6 6. Nf3 Ne7 7. 0-0 Ng6 8. Qe2 Nc6 9. Rd1 Qc7 10. Be3 b5 11. Bd3 Qb8 12. Rac1 Be7 13. a4 b4 14. Nb1 0-0 15. Nbd2 Na5 16. g3 d6 17. h4 Re8 18. Ng5 Bxg5 19. hxg5 d5 20. exd5 exd5 21. Qh5 Qb7 22. Nf3 Qd7 1/2-1/2

[Event "Copenhagen-ch"]
[Site "Copenhagen"]
[Date "2004.10.17"]
[Round "9"]
[White "Andersen, Niels Erik"]
[Black "Hansen, Alexei Cherstiouk"]
[Result "1-0"]
[WhiteElo "1994"]
[BlackElo "2047"]
[PlyCount "90"]
[EventDate "2004.10.09"]
[EventType "swiss"]
[EventRounds "9"]
[EventCountry "DEN"]
[SourceTitle "EXT 2018"]
[Source "ChessBase"]
[SourceDate "2017.10.13"]
[SourceVersion "1"]
[SourceVersionDate "2017.10.13"]
[SourceQuality "1"]

1. d4 Nf6 2. Nf3 g6 3. c4 Bg7 4. Nc3 0-0 5. e4 d6 6. h3 Nbd7 7. Be2 e5 8. d5 Ne8 9. g4 c5 10. Be3 Nc7 11. Qd2 Re8 12. Bh6 Bh8 13. Nh4 Rb8 14. Nf5 Nf6 15. Ng3 Bd7 16. g5 Nfxd5 17. exd5 b5 18. Nce4 Bc8 19. Nf6+ Bxf6 20. gxf6 bxc4 21. Bxc4 e4 22. Bg7 Re5 23. h4 Ne8 24. h5 e3 25. fxe3 Nxg7 26. hxg6 fxg6 27. fxg7 Qg5 28. Nf1 Qf6 29. 0-0-0 Rb4 30. Qc3 Bg4 31. Re1 Qxg7 32. Nd2 Qe7 33. Nb3 Re4 34. Nd2 Re5 35. a3 Rb8 36. Nb3 Re8 37. Nxc5 Bf3 38. Rhf1 Bg2 39. Rg1 Bxd5 40. Nd3 Rh5 41. Nf4 Bxc4 42. Nxh5 Rc8 43. Nf6+ Kf8 44. Nd5 Qe5 45. Rgf1+ Kg8 1-0

[Event "Copenhagen-ch"]
[Site "Copenhagen"]
[Date "2004.10.13"]
[Round "5"]
[White "Madsen, Poul Henrik"]
[Black "Hansen, Alexei Cherstiouk"]
[Result "0-1"]
[WhiteElo "2098"]
[BlackElo "2047"]
[PlyCount "80"]
[EventDate "2004.10.09"]
[EventType "swiss"]
[EventRounds "9"]
[EventCountry "DEN"]
[SourceTitle "EXT 2018"]
[Source "ChessBase"]
[SourceDate "2017.10.13"]
[SourceVersion "1"]
[SourceVersionDate "2017.10.13"]
[SourceQuality "1"]

1. d4 f5 2. g3 Nf6 3. Bg2 d5 4. c4 e6 5. Nc3 c6 6. Nh3 Be7 7. Bf4 0-0 8. 0-0 Nbd7 9. Ng5 Nb8 10. Qb3 h6 11. Nxe6 Bxe6 12. Qxb7 Qd7 13. Qxa8 Na6 14. Qxf8+ Bxf8 15. c5 Qb7 16. Rab1 Qb4 17. Rfd1 Kf7 18. e3 Ne4 19. Ne2 g5 20. Be5 Bg7 21. Nc1 Qb7 22. Nd3 Nb4 23. f3 Nxd3 24. Bxg7 Nef2 25. Rd2 Kxg7 26. b4 Qb5 27. Bf1 Qa4 28. Rb3 f4 29. Bxd3 Nxd3 30. Rdxd3 Qxa2 31. g4 Qe2 32. exf4 gxf4 33. Ra3 Kf6 34. h4 Bc8 35. Rdb3 Qe1+ 36. Kg2 a6 37. Ra2 Qg3+ 38. Kf1 Bxg4 39. Rxa6 Bh3+ 40. Ke2 Qg2+ 0-1

[Event "Serpukhov-B"]
[Site "Serpukhov"]
[Date "2004.09.02"]
[Round "11"]
[White "Hansen, Alexei Cherstiouk"]
[Black "Sergienko, Sergey"]
[Result "0-1"]
[WhiteElo "1986"]
[BlackElo "2435"]
[PlyCount "54"]
[EventDate "2004.08.26"]
[EventType "tourn"]
[EventRounds "12"]
[EventCountry "RUS"]
[EventCategory "1"]
[SourceTitle "EXT 2006"]
[Source "ChessBase"]
[SourceDate "2005.11.24"]
[SourceVersion "1"]
[SourceVersionDate "2005.11.24"]
[SourceQuality "1"]

1. e4 c5 2. c4 Nc6 3. g3 g6 4. Bg2 Bg7 5. Ne2 Nf6 6. 0-0 0-0 7. Nbc3 Ne8 8. d3 Nc7 9. Nf4 d6 10. Be3 Rb8 11. Qd2 b5 12. b3 b4 13. Nce2 Bxa1 14. Rxa1 e5 15. Nh3 f6 16. Rf1 Ne6 17. f4 Ned4 18. f5 a5 19. Nxd4 cxd4 20. Bh6 Rf7 21. g4 g5 22. Nf2 Kh8 23. h4 gxh4 24. g5 fxg5 25. Ng4 Rbb7 26. Bxg5 Qf8 27. Kh2 h5 0-1

[Event "Serpukhov-B"]
[Site "Serpukhov"]
[Date "2004.08.31"]
[Round "8"]
[White "Hansen, Lars Henrik Bech"]
[Black "Hansen, Alexei Cherstiouk"]
[Result "1-0"]
[WhiteElo "2090"]
[BlackElo "1986"]
[PlyCount "35"]
[EventDate "2004.08.26"]
[EventType "tourn"]
[EventRounds "12"]
[EventCountry "RUS"]
[EventCategory "1"]
[SourceTitle "EXT 2006"]
[Source "ChessBase"]
[SourceDate "2005.11.24"]
[SourceVersion "1"]
[SourceVersionDate "2005.11.24"]
[SourceQuality "1"]

1. d4 Nf6 2. c4 c5 3. d5 e5 4. Nc3 d6 5. e4 Be7 6. Bd3 Nbd7 7. f4 a6 8. Nf3 exf4 9. Bxf4 Ng4 10. 0-0 Nge5 11. Nxe5 Nxe5 12. Bxe5 dxe5 13. a4 h6 14. Qf3 Bf6 15. a5 Qd6 16. Na4 0-0 17. Nb6 Rb8 18. Bc2 1-0

[Event "Serpukhov-B"]
[Site "Serpukhov"]
[Date "2004.08.27"]
[Round "2"]
[White "Hansen, Alexei Cherstiouk"]
[Black "Ivanova, Svetlana"]
[Result "1/2-1/2"]
[WhiteElo "1986"]
[BlackElo "2236"]
[PlyCount "81"]
[EventDate "2004.08.26"]
[EventType "tourn"]
[EventRounds "12"]
[EventCountry "RUS"]
[EventCategory "1"]
[SourceTitle "EXT 2006"]
[Source "ChessBase"]
[SourceDate "2005.11.24"]
[SourceVersion "1"]
[SourceVersionDate "2005.11.24"]
[SourceQuality "1"]

1. e4 c5 2. Nf3 Nc6 3. d4 cxd4 4. Nxd4 e5 5. Nb5 d6 6. c4 Be7 7. N1c3 a6 8. Na3 f5 9. exf5 Bxf5 10. Bd3 Be6 11. Nc2 Nf6 12. 0-0 0-0 13. Bg5 Qe8 14. Ne3 Nd7 15. Bxe7 Qxe7 16. Qh5 g6 17. Qd1 Nc5 18. Ncd5 Bxd5 19. Nxd5 Qh4 20. b4 Ne6 21. Qd2 e4 22. g3 Qg4 23. Ne3 Ned4 24. f4 Qe6 25. Be2 Nxe2+ 26. Qxe2 Nd4 27. Qd1 Nf5 28. Qd5 Rae8 29. Nxf5 Qxd5 30. Nh6+ Kg7 31. cxd5 Kxh6 32. Kf2 Rf5 33. Rad1 Rc8 34. Ke3 Rc2 35. Rf2 Rc4 36. Rd4 Rc3+ 37. Kxe4 Rf7 38. Rd3 Rc4+ 39. Rd4 Rc3 40. Rd3 Rc4+ 41. Rd4 1/2-1/2